000 00875nam a2200265Ia 4500
003 OSt
005 20220925213144.0
006 a|||||r|||| 00| 0
007 ta
008 220923b |||||||| |||| 00| 0 eng d
037 _cGeneral Book
040 _aRTL
_cRTL
_beng
041 _2eng
_aeng
082 _aY32.671.N7, L6
100 _aLawless Richard I
_9278033
245 0 _aTlemcen
_b Continuity and change in an Algerian Isla
260 _aLondon
_bBowker
_c1976
300 _axi, 173p
_ccm.
490 _aCentre for Middle Eastern and Islamic Studies of the University of Durham. Ed by John C Dewdney
500 _aBibliography Chapterwise and P 166-71
650 _aCommunity Development
700 _a Blake Gerald H
_994874
942 _hY32.671.N7, L6
_cGB
_2CC
999 _c562167
_d562167